000 00295nam a22001337a 4500
008 170320b xxu||||| |||| 00| 0 eng d
020 _a9780393977776
041 _aeng
080 _a616.8
100 _a7
101 _aSHM
245 _aCOGNITIVE NEUROSCIENCE
_cGAZZANIGA.M.S
942 _2udc
_cBK
999 _c8063
_d8063